| 000 | 00472nam a2200157Ia 4500 | ||
|---|---|---|---|
| 005 | 20250508155116.0 | ||
| 008 | 008 250505s9999 xx 000 0 eng d | ||
| 037 | _aBooks to be hide in OPAC | ||
| 040 |
_aFEDL _beng _cFEDL |
||
| 041 |
_aeng _2eng |
||
| 084 |
_a379.547 9, BOM/O _qFEDL |
||
| 245 | 0 | _aSupplement to the report on public instruction in Bombay for 1927-28 | |
| 300 | _a197p. | ||
| 942 |
_cHB _h379.547 9, BOM/O |
||
| 999 |
_c1354297 _d1354297 |
||